Statistics for How to Say "Hello" around the world

Click here to take the quiz!

General Stats

  • This quiz has been taken 139 times
  • The average score is 7 of 12

Answer Stats

LanguageGreeting% Correct
EnglishHello
100%
SpanishHola
90%
FrenchBonjour or Salut
89%
GermanHallo or Guten tag
68%
ItalianCiao
64%
Chinese你好
54%
Japaneseこんにちは
53%
PortugeseOlà
43%
Arabicهتاف للترحيب
38%
Hindiनमस्ते
28%
SwahiliJambo
15%
Korean안녕하세요
9%

Score Distribution

Percentile by Number Answered

Percent of People with Each Score

Your Score History

You have not taken this quiz